MARC details
| 000 -CABECERA |
| campo de control de longitud fija |
02004nam a2200361 i 4500 |
| 001 - NÚMERO DE CONTROL |
| campo de control |
000048153 |
| 003 - IDENTIFICADOR DEL NÚMERO DE CONTROL |
| campo de control |
DO-SdBNP |
| 005 - FECHA Y HORA DE LA ÚLTIMA TRANSACCIÓN |
| campo de control |
20250919112546.0 |
| 007 - CAMPO FIJO DE DESCRIPCIÓN FÍSICA--INFORMACIÓN GENERAL |
| campo de control de longitud fija |
ta |
| 008 - DATOS DE LONGITUD FIJA--INFORMACIÓN GENERAL |
| campo de control de longitud fija |
181203s2018 dr a 000 0 spa d |
| 020 ## - NÚMERO INTERNACIONAL ESTÁNDAR DEL LIBRO |
| Número Internacional Estándar del Libro |
9789945610093 |
| 040 ## - FUENTE DE LA CATALOGACIÓN |
| Centro catalogador/agencia de origen |
DO-SdBNP |
| Lengua de catalogación |
spa |
| Centro/agencia transcriptor |
BNPHU |
| Normas de descripción |
rda |
| 041 ## - CÓDIGO DE LENGUA |
| Código de lengua del texto/banda sonora o título independiente |
spa |
| 082 #4 - NÚMERO DE LA CLASIFICACIÓN DECIMAL DEWEY |
| Número de clasificación |
929.6097293 |
| Número de documento/Ítem |
G633s 2018 |
| Número de edición |
22 |
| 100 1# - ENTRADA PRINCIPAL--NOMBRE DE PERSONA |
| Nombre de persona |
Gómez, Wilson |
| Término indicativo de función/relación |
autor |
| Código de función/relación |
aut. |
| 9 (RLIN) |
8532 |
| 245 10 - MENCIÓN DE TÍTULO |
| Título |
Simbología patriótica de la República Dominicana / |
| Mención de responsabilidad, etc. |
Wilson S. Gómez Ramírez ; prólogo, José Joaquín Pérez Saviñón. |
| 264 ## - PRODUCCIÓN, PUBLICACIÓN, DISTRIBUCIÓN, FABRICACIÓN Y COPYRIGHT |
| Producción, publicación, distribución, fabricación y copyright |
Santo Domingo, República Dominicana : |
| Nombre del de productor, editor, distribuidor, fabricante |
Tribunal Constitucional, |
| Fecha de producción, publicación, distribución, fabricación o copyright |
2018. |
| 300 ## - DESCRIPCIÓN FÍSICA |
| Extensión |
218 páginas : |
| Otras características físicas |
ilustraciones ; |
| Dimensiones |
23 cm. |
| 336 ## - TIPO DE CONTENIDO |
| Término de tipo de contenido |
texto |
| Código de tipo de contenido |
txt |
| Fuente |
rdacontent |
| 337 ## - TIPO DE MEDIO |
| Nombre/término del tipo de medio |
sin mediación |
| Código del tipo de medio |
n |
| Fuente |
rdacarrier |
| 338 ## - TIPO DE SOPORTE |
| Nombre/término del tipo de soporte |
volumen |
| Código del tipo de soporte |
nc |
| Fuente |
rdacarrier |
| 490 0# - MENCIÓN DE SERIE |
| Mención de serie |
IUDEX |
| 504 ## - NOTA DE BIBLIOGRAFÍA, ETC. |
| Nota de bibliografía, etc. |
Bibliografía: páginas 215-218 |
| 505 0# - NOTA DE CONTENIDO CON FORMATO |
| Nota de contenido con formato |
Prólogo -- |
| Información miscelánea |
Capítulo 1 |
| Título |
Surgimiento de la bandera en el mundo. -- |
| Información miscelánea |
Capítulo 1I |
| Título |
Diseño y confección de la bandera nacional dominicana. -- |
| Información miscelánea |
Capítulo III |
| Título |
Origen del escudo en el mundo. -- |
| Información miscelánea |
Capítulo IV |
| Título |
Diseño y confección del escudo nacional dominicano. -- |
| Información miscelánea |
Capítulo V |
| Título |
La bandera presidencial. -- |
| Información miscelánea |
Capítulo VI |
| Título |
Los himnos del mundo. -- |
| Información miscelánea |
Capítulo VII |
| Título |
El himno nacional dominicano. -- |
| Información miscelánea |
Capítulo VIII |
| Título |
Himnos patrióticos. -- |
| Información miscelánea |
Anexos 1 |
| Título |
Escudos provinciales. -- |
| Información miscelánea |
Anexos 11 |
| Título |
Biografía del maestro José Reyes. -- |
| Información miscelánea |
Anexo 111 |
| Título |
Biografía del maestro Emilio Prud Homme. -- |
| Información miscelánea |
Anexo IV |
| Título |
Proyecto de ley sobre símbolos patrios de la Republica dominicana. -- |
| 590 ## - NOTA LOCAL (RLIN) |
| Nota local |
Inventariado, 2019/LP |
| 650 #4 - PUNTO DE ACCESO ADICIONAL DE MATERIA--TÉRMINO DE MATERIA |
| Término de materia o nombre geográfico como elemento de entrada |
Emblemas nacionales |
| Subdivisión geográfica |
República Dominicana |
| 9 (RLIN) |
10404 |
| 650 #4 - PUNTO DE ACCESO ADICIONAL DE MATERIA--TÉRMINO DE MATERIA |
| Término de materia o nombre geográfico como elemento de entrada |
Banderas |
| Subdivisión geográfica |
República Dominicana |
| 9 (RLIN) |
55099 |
| 650 #4 - PUNTO DE ACCESO ADICIONAL DE MATERIA--TÉRMINO DE MATERIA |
| Término de materia o nombre geográfico como elemento de entrada |
Escudos nacionales |
| Subdivisión geográfica |
República Dominicana |
| 9 (RLIN) |
55100 |
| 700 1# - PUNTO DE ACCESO ADICIONAL--NOMBRE DE PERSONA |
| Nombre de persona |
Pérez Saviñón, José Joaquín |
| Término indicativo de función/relación |
prologuista |
| Código de función/relación |
pr. |
| 9 (RLIN) |
55022 |
| 710 1# - PUNTO DE ACCESO ADICIONAL--NOMBRE DE ENTIDAD CORPORATIVA |
| Nombre de entidad corporativa o nombre de jurisdicción como elemento de entrada |
República Dominicana. |
| Unidad subordinada |
Corte de Constitucionalidad |
| 9 (RLIN) |
71191 |
| 910 ## - DATOS DE OPCIÓN DEL USUARIO (OCLC) |
| Datos de opción del usuario |
Lopérez. Validado. Control de calidad MFF |
| 942 ## - ELEMENTOS DE PUNTO DE ACCESO ADICIONAL (KOHA) |
| Fuente del sistema de clasificación o colocación |
Dewey Decimal Classification |
| Tipo de ítem Koha |
Libro |